| 000 | 01631cam a22004694a 4500 | ||
|---|---|---|---|
| 001 | muse22829 | ||
| 003 | MdBmJHUP | ||
| 005 | 20210127151008.0 | ||
| 006 | m o d | ||
| 007 | cr||||||||nn|n | ||
| 008 | 080604s2007 rh o 00 0 eng d | ||
| 010 | _z 2008315227 | ||
| 020 | _a9781920489625 | ||
| 020 | _z9781920051839 | ||
| 035 | _a(OCoLC)867784194 | ||
| 040 |
_aMdBmJHUP _cMdBmJHUP |
||
| 043 | _af------ | ||
| 050 | 0 | 4 |
_aJZ5334.5.A35 _bK36 2007 |
| 100 | 1 | _aKane, Ibrahima. | |
| 245 | 1 | 0 |
_aTowards a People-Driven African Union _bCurrent Obstacles and New Opportunities |
| 264 | 1 | _bOxfam, | |
| 264 | 3 | _bProject MUSE, | |
| 300 | _a1 online resource (viii, 68 p.) | ||
| 500 | _a"Researched and written by Ibrahima Kane and Nobuntu Mbelle"--Acknowledgements. | ||
| 500 | _a"Updated November 2007." | ||
| 500 | _a"January 2007." | ||
| 506 | 0 |
_aOpen Access _fUnrestricted online access _2star |
|
| 588 | _aDescription based on print version record. | ||
| 610 | 2 | 0 | _aAfrican Union. |
| 655 | 7 |
_aElectronic books. _2local |
|
| 700 | 1 | _aMbelle, Nobuntu. | |
| 710 | 2 |
_aProject Muse. _edistributor |
|
| 830 | 0 | _aBook collections on Project MUSE. | |
| 856 | 4 | 0 |
_zFull text available: _uhttps://muse.jhu.edu/book/17410/ |
| 945 | _aProject MUSE - 2012 African Studies | ||
| 945 | _aProject MUSE - 2012 Political Science and Policy Studies Supplement | ||
| 945 | _aProject MUSE - 2012 Complete Supplement | ||
| 999 |
_c24241 _d24241 |
||